| 000 | 00440cam a2200169ua 4500 | ||
|---|---|---|---|
| 020 | _c5.00 | ||
| 041 |
_amal _h |
||
| 082 |
_a894.81280355 _bKRI/AM |
||
| 100 | _aKrishna Warrier, N.V. | ||
| 245 |
_aAmericayiloode / _cN.V Krishna Warrier. _hTextual Documents |
||
| 260 |
_aKottayam : _bSahitya Pravarthaka Co-operative Society , _c1961. |
||
| 300 | _a333 ; . | ||
| 365 | _a5.00 | ||
| 504 | _a | ||
| 942 | _cBK | ||
| 999 |
_c4301 _d4301 |
||